000
00286nam a22001337a 4500
008
170930b xxu||||| |||| 00| 0 eng d
020
_a
2901412968576
041
_a
eng
080
_a
37
100
_a
47
101
_a
EDU
245
_a
ACTION RESEARCH
_c
MERTLER, C.A
942
_2
udc
_c
BK
999
_c
30972
_d
30972